Die Geldpolitik der Europäischen Zentralbank diplomová práca

Uložené v:
Podrobná bibliografia
Hlavný autor: Magyarová, Romana
Korporácia: Ekonomická univerzita v Bratislave. Fakulta hospodárskej informatiky, Martin-Luther-Universität Halle-Wittenberg
Ďalší autori: Sobek, Otto
Médium: Kniha
Jazyk:German
Vydavateľské údaje: Bratislava 2017
Tagy: Pridať tag
Žiadne tagy, Buďte prvý, kto otaguje tento záznam!

MARC

LEADER 00000nbm a2200000 4500
001 0239927
005 20240918085808.9
041 0 |a ger 
044 |a SK 
245 1 0 |a Die Geldpolitik der Europäischen Zentralbank  |b diplomová práca  |c Romana Magyarová ; školiteľ: Otto Sobek 
264 1 |a Bratislava  |c 2017 
300 |a 51 s. 
100 1 |a Magyarová, Romana 
700 1 |a Sobek, Otto 
710 2 |a Ekonomická univerzita v Bratislave. Fakulta hospodárskej informatiky 
710 2 |a Martin-Luther-Universität Halle-Wittenberg